Những ngọn cờ trên tháp

保存先:
書誌詳細
第一著者: Anton S Makarenko
フォーマット: 図書
言語:Undetermined
出版事項: Matxcơva Cầu Vồng 1982
主題:
タグ: タグ追加
タグなし, このレコードへの初めてのタグを付けませんか!
Thư viện lưu trữ: Trung tâm Học liệu Trường Đại học Cần Thơ
LEADER 00464nam a2200169Ia 4500
001 CTU_15928
008 210402s9999 xx 000 0 und d
082 |a 891.743 
082 |b M235 
100 |a Anton S Makarenko 
245 0 |a Những ngọn cờ trên tháp 
245 0 |c Anton S Makarenko 
260 |a Matxcơva 
260 |b Cầu Vồng 
260 |c 1982 
650 |a russian fiction 
980 |a Trung tâm Học liệu Trường Đại học Cần Thơ